№ 4; Инженерная физика
| Parent link: | Инженерная физика: научно-технический журнал. № 4.— , 2000- |
|---|---|
| Dil: | Rusça |
| Baskı/Yayın Bilgisi: |
2013
|
| Materyal Türü: | MixedMaterials Kitap |
| KOHA link: | https://koha.lib.tpu.ru/cgi-bin/koha/opac-detail.pl?biblionumber=508430 |
MARC
| LEADER | 00000nam2a2200000 4500 | ||
|---|---|---|---|
| 001 | 508430 | ||
| 005 | 20231101103647.0 | ||
| 035 | |a (RuTPU)RU\TPU\prd\180207 | ||
| 090 | |a 508430 | ||
| 100 | |a 20130603a19989999k y0rusy50 ca | ||
| 101 | 0 | |a rus | |
| 102 | |a RU | ||
| 200 | 0 | |a № 4 | |
| 210 | |d 2013 | ||
| 461 | 1 | |0 (RuTPU)RU\TPU\prd\1512 |t Инженерная физика |o научно-технический журнал |v № 4 |d 2000- | |
| 801 | 0 | |a RU |b 63413507 |c 20010227 |g PSBO | |
| 801 | 1 | |a RU |b 63413507 |c 20130603 | |
| 801 | 2 | |a RU |b 63413507 |c 20230504 |g RCR | |
| 942 | |c BK | ||
| 999 | |a НТБ_ТПУ |b НФ |e -1/20130109 |p П-9239 |s 5/20121010 |u 0,00 |v 1 | ||